| 000 | 00351nam a2200133Ia 4500 | ||
|---|---|---|---|
| 005 | 20260328104246.0 | ||
| 008 | 260328s9999||||xx |||||||||||||| ||und|| | ||
| 100 | _aCossio del Pomar, Felipe | ||
| 245 | 0 |
_aArte del Peru Colonial / _cFelipe Cossio del Pomar |
|
| 260 | _bFondo de Cultura Económica | ||
| 300 | _a243 p. | ||
| 650 | _aARTE | ||
| 942 | _cBK | ||
| 999 |
_c10076 _d10076 |
||